000 00558nam a2200193 i 4500
001 55522
003 ES-MaACL
005 20230906163149.0
007 t|
008 030922s1999 sp ||||1| spa d
020 _a84-7162-999-2
100 1 _aDesantes Real, Manuel.
_943819
245 1 3 _aLa competencia judicial en la Comunidad Europea /
_cManuel Desantes Real.
250 _a[1ª ed.].
260 _aBarcelona :
_bBosch,
_c1986.
300 _aXXVII, 432 p. ;
_c25 cm.
504 _aBibliografía: p. 390-418.
852 _aES-MaACL
_jL-10769
_bR.112581
999 _c55522
_d55522